004250000a22001450004500003001100000008004100011040003900052041000800091082001500099100002600114245002500140260009500165300000900260650001000269LK-CoMWRAF230817t ||||| |||| 00| 0 eng d aLK-CoMWRAFdLK-CoMWRAFeLK-CoMWRAF aeng a152.7bNIA aNiazi, Maulana Kausar aIslam and the Westb bFederal Minister for Religion Affairs Minority Affairs and Overseas PakistanisaPakistanc ap.10 aIslam